000 00548nam a2200193Ia 4500
999 _c22792
_d22792
003 OSt
005 20200519121116.0
008 190216s9999||||xx |||||||||||||| ||und||
020 _a8171512399
040 _coclc
082 _a297
_bARN/L
100 _aArnold, Thomas W
_91987
245 4 _aThe Legacy Of Islam /
_cThomas Arnold
250 _a3rd ed.
260 _bKitab Bhavan,
_c2009.
_aNew Delhi:
300 _a416p
650 0 _aHistory & geography
_vIslamic History
_92271
942 _cBK
_2ddc
_h297
_iARN/L
_k297
_mARN/L